Loading...
| Current Events | 2 | 20.00 | 100% | 100% | 0% |
| Fine Arts - Classical Music | 4 | 25.00 | 100% | 100% | 50% |
| Fine Arts - Other | 4 | 20.00 | 100% | 75% | 25% |
| Fine Arts - Painting and Sculpture | 6 | 21.67 | 100% | 83% | 33% |
| Geography | 3 | 20.00 | 100% | 67% | 33% |
| History - American | 7 | 15.71 | 100% | 57% | 0% |
| History - European | 7 | 17.14 | 100% | 57% | 14% |
| History - Other | 6 | 15.00 | 100% | 50% | 0% |
| History - World | 3 | 23.33 | 100% | 100% | 33% |
| Literature - American | 4 | 25.00 | 100% | 100% | 50% |
| Literature - British | 2 | 20.00 | 100% | 50% | 50% |
| Literature - European | 4 | 22.50 | 100% | 100% | 25% |
| Literature - World | 4 | 12.50 | 100% | 25% | 0% |
| Mythology | 7 | 18.57 | 100% | 71% | 14% |
| Philosophy | 4 | 12.50 | 100% | 25% | 0% |
| Popular Culture | 4 | 15.00 | 75% | 75% | 0% |
| Religion | 5 | 20.00 | 100% | 80% | 20% |
| Science - Biology | 7 | 18.57 | 100% | 71% | 14% |
| Science - Chemistry | 7 | 18.57 | 100% | 71% | 14% |
| Science - Other | 5 | 20.00 | 100% | 80% | 20% |
| Science - Physics | 5 | 16.00 | 100% | 60% | 0% |
| Social Science | 3 | 20.00 | 100% | 33% | 67% |